Fermín González Prieto (Record no. 106573)
[ view plain ]
| 000 -LEADER | |
|---|---|
| campo de control de longitud fija | 01256nam a2200301 i 4500 |
| 001 - NÚMERO DE CONTROL | |
| campo de control | 106573 |
| 003 - IDENTIFICADOR DE NÚMERO DE CONTROL | |
| campo de control | ES-MaACL |
| 005 - FECHA Y HORA DE LA ÚLTIMA TRANSACCIÓN | |
| campo de control | 20250811101607.0 |
| 007 - CAMPO FIJO DE DESCRIPCIÓN FÍSICA--INFORMACIÓN GENERAL | |
| campo de control de longitud fija | t| |
| 008 - DATOS DE LONGITUD FIJA--INFORMACIÓN GENERAL | |
| campo de control de longitud fija | 061130s1976 sp ||||1| spa d |
| 080 ## - NÚMERO DE LA CLASIFICACIÓN DECIMAL UNIVERSAL | |
| Número de la Clasificación Decimal Universal | 75 González Prieto, Fermín (083.82) |
| 100 1# - ENTRADA PRINCIPAL--NOMBRE DE PERSONA | |
| Nombre de persona | González Prieto, Fermín. |
| 9 (RLIN) | 58883 |
| 245 10 - MENCIÓN DEL TÍTULO | |
| Título | Fermín González Prieto |
| Resto del título | : exposición antológica : Ateneo de Madrid, Sala de Santa Catalina, del 8 de abril al 8 de mayo de 1976 / |
| Mención de responsabilidad, etc. | [textos de: José Camón Aznar, A. M. Campoy, Alberto Casal]. |
| 260 ## - PUBLICACIÓN, DISTRIBUCIÓN, ETC. | |
| Lugar de publicación, distribución, etc. | Madrid : |
| Nombre del editor, distribuidor, etc. | Ateneo de Madrid, |
| Fecha de publicación, distribución, etc. | 1976. |
| 300 ## - DESCRIPCIÓN FÍSICA | |
| Extensión | [16] p. : |
| Otras características físicas | il. ; |
| Dimensiones | 26 cm. |
| 490 1# - MENCIÓN DE SERIE | |
| Mención de serie | Ateneo de Madrid. Sala de Santa Catalina |
| 600 04 - PUNTO DE ACCESO ADICIONAL DE MATERIA--NOMBRE DE PERSONA | |
| Nombre de persona | González Prieto, Fermín |
| 9 (RLIN) | 58883 |
| 610 27 - PUNTO DE ACCESO ADICIONAL DE MATERIA--NOMBRE DE ENTIDAD CORPORATIVA | |
| Nombre de entidad corporativa o nombre de jurisdicción como elemento de entrada | Ateneo de Madrid- |
| Subdivisión de forma | Exposiciones- |
| Subdivisión cronológica | 1970-1979. |
| 9 (RLIN) | 1921 |
| 655 #7 - TERMINO DE INDIZACIÓN--GENERO/FORMA | |
| Fuente del término | tgfbne |
| 9 (RLIN) | 193628 |
| Datos o término principal de género/forma | Catálogos de exposiciones |
| 700 1# - ENTRADA AGREGADA--NOMBRE PERSONAL | |
| Nombre de persona | Camón Aznar, José, |
| Fechas asociadas al nombre | 1898-1979 |
| 9 (RLIN) | 34095 |
| 700 1# - ENTRADA AGREGADA--NOMBRE PERSONAL | |
| Nombre de persona | Campoy, A. M., |
| Fechas asociadas al nombre | 1924-1993 |
| 9 (RLIN) | 34292 |
| 700 1# - ENTRADA AGREGADA--NOMBRE PERSONAL | |
| Nombre de persona | Casal, Alberto. |
| 9 (RLIN) | 36043 |
| 710 2# - ENTRADA AGREGADA--NOMBRE DE ENTIDAD CORPORATIVA | |
| Nombre de entidad corporativa o nombre de jurisdicción como elemento de entrada | Ateneo de Madrid. |
| Unidad subordinada | Sala de Santa Catalina. |
| 9 (RLIN) | 1964 |
| 830 00 - PUNTO DE ACCESO ADICIONAL DE SERIE-TÍTULO UNIFORME | |
| Título uniforme | Ateneo de Madrid. |
| Nombre de parte o sección de la obra | Sala de Santa Catalina |
| 9 (RLIN) | 185232 |
| 852 ## - LOCALIZACIÓN | |
| Ubicación | ES-MaACL |
| Número de control de estantería | 2209-F-46 . |
| itemnumber | 110625 |
| Sublocalización o colección | R.138292 |
| Ubicación en estantería | Depósito folletos |
| 942 ## - ELEMENTOS DE ENTRADA SECUNDARIOS (KOHA) | |
| Fuente del sistema de clasificación o colocación | Clasificación decimal universal |
| Tipo de ítem Koha | Folleto |
| Estatus retirado | Estado de pérdida | Fuente del sistema de clasificación o colocación | Estado de daño | No para préstamo | Colección | Biblioteca de origen | Biblioteca actual | Ubicación en estantería | Fecha de adquisición | Total de préstamos | Signatura topográfica completa | Código de barras | Visto por última vez | Precio de reemplazo | Tipo de ítem Koha |
|---|---|---|---|---|---|---|---|---|---|---|---|---|---|---|---|
| Clasificación decimal universal | Colección de folletos | Biblioteca del Ateneo de Madrid | Biblioteca del Ateneo de Madrid | Depósito folletos | 17/01/2008 | 2209-F-46 | 1111245 | 23/02/2023 | 23/02/2023 | Folleto |
